000 00396nam a22001697a 4500
005 20180621095934.0
008 160601b xxu||||| |||| 00| 0 eng d
020 _a978-81-317-2146-9
041 _aeng
082 _b6703
_a658
100 _aRobbins, and others
_91657
245 _aFundamentals of Management
260 _bPearsons
300 _a445
650 _aManagement
_9241
942 _cBK
999 _c2332
_d2331